Quiz Cultura Generale - Quiz n°91 - Statistics

Statistiche generali
  • Questo quiz è stato fatto 107 volte
  • Il punteggio medio è 7 su 15
Statistiche sulle risposte
Domanda Risposta % Corretto
Qual è il vulcano più alto d'Europa? Etna
92%
Quanti sono i tempi del modo condizionale? 2
79%
Quanto equivale la metà del cubo di 4? 32
69%
In quale organo si trovano le cellule epatiche? Fegato
65%
Qual è la traduzione del verbo inglese "to think"? Pensare
64%
In quale cantica della Divina Commedia Dante incontra Brunetto Latini? Inferno
55%
Quale autore latino compose l'Eneide? Virgilio
50%
Quale primo ministro prussiano fu soprannominato "Il Cancelliere di Ferro"? Otto von Bismarck
42%
Quale strato della cute si trova sotto l'epidermide? Derma
36%
Di quale roccia metamorfica è costituita normalmente una lavagna? Ardesia
35%
Qual era la valuta spagnola prima dell'avvento dell'Euro? Peseta
28%
Chi era il padre di Arianna, personaggio mitologico che aiutò Teseo a sconfiggere il Minotauro Minosse
27%
In quale regione italiana si trova la Piana del Fucino? Abruzzo
17%
Quale regione, insieme alle Fiandre, forma il Belgio? Vallonia
15%
Quale sovrano fu Imperatore del Sacro Romano Impero dal 1220 al 1250? Federico II di Svevia
8%
Nessun quiz corrispondente trovato
Distribuzione punteggi
Percentuale di utenti per punteggio
Percentile per numero di risposta
I tuoi punteggi nel tempo
Non hai fatto questo quiz